Закономерности формирования структуры и свойства бронзы БрО10С13ЦН2 в зависимости от условий кристаллизации: диссертация на соискание ученой степени кандидата технических наук; Спец. 05.16.01

Бібліографічні деталі
Автор: Корчмит А. В. Антон Викторович
Співавтор: Томский политехнический университет
Інші автори: Егоров Ю. П. Юрий Петрович (научный руководитель)
Мова:Російська
Опубліковано: Томск, [Б. и.], 2006
Предмети:
Формат: Книга
KOHA link:https://koha.lib.tpu.ru/cgi-bin/koha/opac-detail.pl?biblionumber=107899

MARC

LEADER 00000nbm0a2200000 4500
001 107899
005 20231227140833.0
035 |a (RuTPU)RU\TPU\book\116489 
090 |a 107899 
100 |a 20070109j20061229k y0rusy50 ca 
101 0 |a rus 
102 |a RU 
105 |a a m 001zy 
200 1 |a Закономерности формирования структуры и свойства бронзы БрО10С13ЦН2 в зависимости от условий кристаллизации  |e диссертация на соискание ученой степени кандидата технических наук  |e Спец. 05.16.01  |f А. В. Корчмит  |g Томский политехнический университет; науч. рук. Ю. П. Егоров 
210 |a Томск  |c [Б. и.]  |d 2006 
215 |a 178 л.  |c ил. 
320 |a Библиогр.: с. 158-173 (171 назв.). 
610 1 |a металловедение 
610 1 |a оловянистые бронзы 
610 1 |a кристаллизация 
610 1 |a структурные исследования 
610 1 |a механические характеристики 
610 1 |a фазовый состав 
610 1 |a легирующие добавки 
610 1 |a вертикальные центробежные отливки 
610 1 |a свойства 
610 1 |a структура 
610 1 |a сальниковые уплотнения 
610 1 |a литые заготовки 
610 1 |a диссертации 
675 |a 669.35(04)  |v 3 
686 |a 05.16.01  |2 oksvnk 
700 1 |a Корчмит  |b А. В.  |g Антон Викторович 
702 1 |a Егоров  |b Ю. П.  |c специалист в области машиностроения  |c заведующий лабораторией Томского политехнического университета, кандидат технических наук  |f 1948-  |g Юрий Петрович  |4 727  |9 12229 
712 0 2 |a Томский политехнический университет  |3 (RuTPU)RU\TPU\col\376 
801 1 |a RU  |b 63413507  |c 20070109  |g PSBO 
801 2 |a RU  |b 63413507  |c 20070209  |g PSBO 
942 |c BK